Flag Close-Ups - North America - Statistics

General Stats
  • This quiz has been taken 47 times
  • The average score is 10 of 12
Answer Stats
Picture Answer % Correct
United States
95%
Canada
93%
Jamaica
90%
Mexico
90%
Bahamas
86%
Barbados
86%
Dominican Republic
81%
Haiti
81%
Honduras
81%
St Lucia
81%
Nicaragua
71%
St Kitts and Nevis
67%
No matching quizzes found
Score Distribution
Percent of People with Each Score
Percentile by Number Answered
Your Score History
You have not taken this quiz